000 00895nam a22002777a 4500
001 0062042
003 KOHA_MİRAKIL
005 20260207004357.0
007 ta
008 180302b2006 tu |||gr||||#||||0|tur |
020 _a9944135011
040 _aTR-BiSEU
_btur
_cTR-BiSEU
_erda
041 0 _atur
044 _ctu
050 _aT385
_b.S65 2006
245 0 _aSolid works ile uygulamalar :
_b2B taslak çizim (Sketch), Katı.../
_cMahmut Gülesin, Abdulkadir Güllü, Abdulmecit Güldaş, Onuralp Uluer, Tevik Ay.
264 1 _aAnkara :
_bAsil Yayın Dağıtım
_c2006
300 _a541 sayfa: resimli; 25 cm.
336 _ametin
_btxt
_2rdacontent
337 _aaracısız
_bn
_2rdamedia
338 _acilt
_bnc
_2rdacarrier
650 0 _ailgisayar destekli tasarım.
_9115065
650 0 _aBilgisayar grafikleri.
_91864
650 0 _a Mühendislik modelleri.
_9115066
942 _2lcc
_cBK
999 _c61839
_d61839